[Event "NED-chT playoff"]
[Site "Breda"]
[Date "1996.05.??"]
[Round "3"]
[White "Barsov, Alexei"]
[Black "Rogers, Ian"]
[Result "0-1"]
[WhiteElo "2445"]
[BlackElo "2570"]
[Annotator "Rogers,I"]
[PlyCount "68"]
[EventDate "1996.05.??"]
[EventType "team"]
[EventRounds "2"]
[EventCountry "NED"]
[SourceTitle "EXT 1999"]
[Source "ChessBase"]
[SourceDate "1998.11.16"]
[SourceVersion "1"]
[SourceVersionDate "1998.11.16"]
[SourceQuality "1"]

1. d4 Nf6 2. c4 e6 3. Nc3 Bb4 4. Nf3 d5 5. cxd5 exd5 6. Bg5 Nbd7 7. Rc1 {
Waarschijnlijk de beste zet, omdat nu 7...c5 8.a3 Bxc3+ 9.Rxc3 goed voor wit
is. Maar 7.Rc1 is niet zo sterk als zijn therotetische reputatie, want wit
wordt in een saaie ruil variant van het Damegambiet gelokt, zoals in de partij.
} c6 8. e3 O-O 9. Bd3 Be7 $1 10. Qc2 Re8 11. O-O Nf8 {Van uit een theoretische
perspectief, wit kan heel tevreden zijn - hij heeft nu en normaalstelling met
en extra zet, Rc1. Wits probleem is dat hij maar twee echte goede plannen
heeft: 12.Rb1 /\13.b4 en een minderheidsaanval, en 12.Rce1 /\13.Ne5, 14.f4, en
als zwart 12...Ne4 speelt, dan kan wit 13.Bxe7 Qxe7 14.Bxe4 dxe4 15.Nd2 f5 16.
f3 proberen. Maar met een toren al op c1, wil niemand opnieuw met zijn toren
spelen. Tenminste tegen mij, speelt iedereen 12.a3 of 13.h3, in de hoop dat de
toren nuttig op c1 zal zijn. Na een kwartiertje denken, vormt Barsov hierop
geen uitzondering.} 12. h3 Be6 13. Bxf6 {(=) Met een remise aanbod. Echter ik
ben niet uit Australie gevlogen voor een remise in dertien zetten.} Bxf6 14. b4
a6 15. a4 Qd6 16. Rb1 ({Het leek Barsov dat} 16. b5 cxb5 $5 17. axb5 a5 18. Na4
Rec8 19. Qa2 Nd7 {te gecompliceerd was. Het is duidelijk dat de
middenspelboeken van Euwe en Kramer geen Uzbekistaanse vertaling hebben, want
een goede student van Euwe en Kramer zal zo'n variant nooit analyseren - het
is te antipositioneel. Inderdaad, ik, opgevoed met Euwe en Kramer als jongen,
heb 16...cxb5 nooit overwegen. Maar misschien heeft Barsov gelijk - het lijkt
me nu dat 16...cxb5 niet zo slecht is.}) 16... h6 17. Rfc1 Bd7 18. b5 a5 $1 ({
Veel sterker dan} 18... axb5 19. axb5 {. Nu kan wit niet Na4-c5 spelen en ook
kan het steunpunt op b4 wel eens nuttig zijn.}) 19. bxc6 bxc6 20. Bf5 $1 ({
Hier wilde Barsov} 20. e4 {spelen, maar hij zag dat} Bxd4 $1 21. Nxd4 dxe4 {
goed voor zwart is. De partij zet is heel logisch - zonder de loper op d7 zal
de pion op c6 echt zwak zijn.}) 20... Ne6 21. Ne2 Reb8 22. Nf4 $5 ({Heel
ambitieus, maar na het normaal} 22. Bxe6 Qxe6 23. Nf4 Qe7 24. Nd3 Bf5 $5 25.
Qc3 Rxb1 26. Rxb1 c5 $1 {heeft zwart geen problemen meer.}) 22... Nxf4 23. Bxd7
Qxd7 24. exf4 Rb4 25. Rxb4 {Voor deze zet had Barsov nog tien minuten maar hij
dacht zeven belangrijke minuten over deze zet en besloot op winst te spelen.}
axb4 26. Ne5 ({Natuurlijk is} 26. Qxc6 {inmiddelijk remise, maar Barsov dacht
dat hij een beetje beter stond.}) 26... Bxe5 27. fxe5 Ra6 28. Rb1 $6 {Nog een
minuut verloren, en een foutje gemaakt.} ({Tegen} 28. Qb3 {zag ik niet beter
dan} Qa7 29. Qxb4 Rxa4 30. Qd6 Ra1 {Nu kan wit, in vergelijking met de partij,}
31. Qxc6 {spelen, met remise.}) ({Achteraf, gezien wits tijdnood, dacht ik dat
} 28. Qb3 Qb7 {de partij gaande zal houden, maar die zet dreigt niets en is
niet echt een winstpoging.}) 28... Qb7 29. Qb3 $6 Qa7 $1 30. Qxb4 Rxa4 31. Qd6
$2 {Paniek.} ({In verschrikkelijk tijdnood is het niet makkelijk te kiezen voor
} 31. Qb8+ Qxb8 32. Rxb8+ Kh7 33. Rc8 Rxd4 34. Rxc6 Re4 {want wit moet een
pion verliezen. Evenwel, die variant is goed genoeg voor remise na} 35. Rc5
Rxe5 36. f4 $1 Rf5 37. g4 {enz.}) 31... Ra1 $1 32. Rxa1 Qxa1+ 33. Kh2 Qxd4 34.
e6 Qf6 $1 {[T] Een verrassing voor wit, die nu vier seconden dacht en door
zijn vlag ging.} ({Na} 34... Qf6 $1 35. Qb8+ $1 Kh7 36. Qb1+ g6 37. exf7 Qxf7 {
is de stelling waarschijnlijk gewonnen voor zwart, maar niet zonder nog twee
of drie uur werken.}) 0-1

[Event "Lublin 3rd"]
[Site "Lublin"]
[Date "2011.05.15"]
[Round "1"]
[White "Roiz, Michael"]
[Black "Socko, Bartosz"]
[Result "1-0"]
[WhiteElo "2660"]
[BlackElo "2654"]
[Annotator "Roiz,M"]
[PlyCount "179"]
[EventDate "2011.05.15"]
[EventType "tourn"]
[EventRounds "7"]
[EventCountry "POL"]
[EventCategory "18"]
[SourceTitle "CBM 143"]
[Source "ChessBase"]
[SourceDate "2011.07.15"]
[SourceVersion "1"]
[SourceVersionDate "2011.07.15"]
[SourceQuality "1"]

{I was happy to start the tournament with a hard-won victory in the 1st round.
Unfortunately, that was also the last one!} 1. Nf3 Nf6 2. c4 e6 3. Nc3 d5 4. d4
Bb4 5. Bg5 Nbd7 6. Qb3 {That is what I had prepared for this game.} c5 7. a3
Qa5 {In my opinion, this is the most principled move.} (7... dxc4 8. Qxc4 Bxc3+
9. Qxc3 h6 10. Bxf6 $6 (10. Bh4 g5 11. Bg3 Ne4 12. Qd3 $14) 10... Qxf6 11. Rc1
b6 12. e3 a6 13. dxc5 bxc5 14. Nd2 Rb8 $11 {0-1 Hammer,J (2647)-Efimenko,Z 
(2701)/Wijk aan Zee NED 2011 (78)}) 8. Bd2 O-O {A very natural move - Black
simply completes his development.} ({An earlier game saw} 8... dxc4 $6 9. Qxc4
Nb6 10. Qa2 Bxc3 11. Bxc3 Qb5 12. e3 $16 {and White was much better in 0-1
Mamedyarov,S (2763)-Savchenko,B (2632)/Moscow 2010/EXT 2011 (30)}) 9. e3 $146 {
A new move which hardly can pose Black any serious problems. Black has some
development advantage which compensates for White's bishop pair in any case.} (
9. Rc1 Bxc3 10. Bxc3 Qd8 11. e3 b6 $11) (9. Rd1 Bxc3 10. Bxc3 Qc7 $11 11. dxc5
$6 Nxc5 12. Qc2 Nce4 $36 {0-1 Mamedyarov,S (2763)-Grischuk,A (2771)/Moscow
2010/EXT 2011 (37)}) 9... Bxc3 10. Bxc3 Qd8 $1 {The most exact retreat.} (10...
Qc7 11. dxc5 Nxc5 12. Qc2 Nce4 13. Be5 Qe7 14. Bd3 b6 15. cxd5 exd5 16. O-O Bg4
17. Bxf6 Nxf6 18. Nd4 $14) 11. Rd1 {After a deep meditation I didn't manage to
find any way to prevent Black from setting up a comfortable position by means
of 11...b6 and 12...Bb7 or even 12...Ba6. Perhaps, this line is just not very
promising for white.} (11. Qc2 Ne4 12. Bd3 Nxc3 13. bxc3 dxc4 14. Bxc4 Nf6 $11)
11... b6 12. dxc5 ({After} 12. cxd5 Nxd5 13. Bb5 Bb7 14. Bxd7 Nxc3 15. Qxc3
Qxd7 16. dxc5 Qb5 $11 {[%csl Re1] only White may be in trouble here.}) 12...
Nxc5 13. Qc2 Bb7 {This natural move was played rapidly. However, Black had
some good alternatives at his disposal.} (13... Bd7 $5 14. b3 Nce4 $11) (13...
Nce4 14. Bb4 Re8 15. cxd5 exd5 16. Bb5 Bd7 $11) 14. Ng5 $5 {The only way to
keep some pressure on the board.} ({Black's knights are too strong after} 14.
Be2 Nfe4 15. Bd4 Rc8 16. O-O Nd6 {and it is White who has to be careful.})
14... Nfe4 $1 {The most ''human'' decision, which was highly predictable.
However, during the game I considered 2 other options:} (14... g6 {this looks
a bit scary,but actually it is not easy to exploit the weakness of Kg8.} 15. b4
(15. h4 Nfe4 16. Nxe4 Nxe4 17. Be5 Qe7 18. h5 {looks too risky, since White is
not developed enough.}) 15... Nce4 16. Nxe4 Nxe4 17. Ba1 {and it looks like
White may fight for an edge here.}) (14... Re8 15. cxd5 (15. Bxf6 Qxf6 16.
Qxh7+ Kf8 17. Qh5 Ke7 {gives Black a lot of play for the pawn.}) 15... Bxd5 16.
Bb5 $1 h6 $1 17. b4 $1 Ncd7 18. Bxf6 Nxf6 19. Bxe8 Qxe8 20. Nf3 Rc8 21. Qd2 {
and I am not 100% sure if Black has sufficient compensation.}) 15. Nxe4 Nxe4
16. Bb4 {That was the point of 14.Ng5 - at least I got a tempo for my next
developing move.} Re8 (16... Nc5 $5 17. cxd5 Bxd5 18. Bc4 Qg5 19. Bxd5 exd5 20.
O-O Rac8 21. Qe2 Rfd8 $11) 17. Bd3 Qh4 ({The most precise option was:} 17... a5
$1 18. Bxe4 axb4 19. Bxh7+ (19. cxd5 exd5 20. Bxh7+ Kh8 21. Bf5 Qg5 (21... bxa3
22. bxa3 Qf6 23. O-O Rxa3 24. Rd4 $14 {leaves some problems}) 22. O-O d4 23. f4
Qf6 $13) 19... Kh8 20. cxd5 Rc8 21. Qb1 $11 {and here Black has a lot of
possibilities, but the position remains more or less equal .}) ({Also worth
considering is} 17... Qg5 18. Bxe4 (18. O-O Nf6 19. f4 (19. cxd5 Rac8 20. Bc3
Bxd5 21. e4 Bb7 $11) 19... Qh5 $11) 18... dxe4 19. O-O a5 20. Bd6 Rac8 21. a4
h5 $132 {with a level game.}) 18. Bxe4 Qxe4 19. Qxe4 dxe4 {The resulting
endgame is somewhat better for White due to his superior pawn structure.} 20.
a4 {An important move which prevents Black from fixing the structure by
a7-a5-a4.} Red8 21. Rxd8+ $1 {It's important to swap the rooks first.} (21. Ke2
Rd3 22. Rxd3 exd3+ 23. Kxd3 Bxg2 $11) 21... Rxd8 22. Ke2 f6 23. Rd1 Rxd1 (23...
Rd3 {doesn't solve all the problems:} 24. Rxd3 exd3+ 25. Kxd3 Bxg2 26. Bd6 Kf7
27. Bb8 a6 28. Kc3 Bf1 29. Ba7 b5 30. cxb5 axb5 31. a5 $14 {and the Pa5 is
very strong.}) 24. Kxd1 Kf7 25. Bd6 Ke8 26. b4 {I just wanted to push my pawn
to b5.} ({Another way to handle this endgame was:} 26. Bb8 Bc6 27. b3 a6 28.
Ba7 b5 29. cxb5 axb5 30. a5 Kd7 31. Kc2 Kc8 32. Bc5 $14) 26... Kd7 27. Bb8 a6
28. Kc2 h5 29. h4 g6 {Bartosz prefers a passive defence.} (29... Kc8 30. Bd6
Kd8 31. Bf8 g6 32. Kc3 Bc8 33. Bg7 Ke7 34. b5 Kf7 35. Bh8 {leads to the same
type of position.}) ({Another defensive resource was:} 29... g5 $5 30. hxg5
fxg5 31. Be5 Bc6 32. b5 axb5 33. axb5 Ba8 34. Bf6 g4 35. Kc3 $14 {but I am not
sure if Black's task is easier here.}) 30. Kc3 Bc6 31. b5 axb5 32. axb5 Bb7 33.
Bf4 {The bishop is going to attack the Pf6 from the opposite side.} e5 34. Bh6
Ke7 35. Kb4 Ba8 (35... Ke6 36. c5 bxc5+ 37. Kxc5 Bd5 38. Kb6 Kd7 39. Bg7 f5 40.
Ka7 Kc7 41. b6+ Kc8 42. Bxe5 {didn't change anything.}) 36. Bg7 {Sooner or
later,Black should give up one of his pawns, as he cannot let the penetration
of the Kb4 into his camp.} Kf7 37. Bh8 Ke6 38. Bg7 Kf7 39. Bh6 Ke7 40. c5 {
It was impossible to make any progress without this move.} bxc5+ 41. Kxc5 Kd7
42. Bg7 f5 $1 {Of course,Black prefers to do without Pe5.} 43. Bxe5 Bb7 {
It looks like there is no way to break the fortress, but Black shouldn't relax
just yet.} 44. Bf4 Ba8 45. Bh2 Bb7 46. Kb6 Kc8 47. Bf4 Ba8 48. Be5 Bb7 ({
Of course, not} 48... Bd5 $2 49. Kc5 Ba8 50. Kd6 $18) 49. Bd4 Ba8 50. Kc5 Kd7
51. Kc4 Bb7 52. Kc3 Kd6 53. Kd2 Bd5 54. Ke1 {Obviously White's only attempt to
make any progress is by bringing the king to g5 via f1 or by means of f2-f3
and Ke1-f2.} Bc4 55. b6 Ba6 56. f3 {Till now Bartosz was defending quite well,
but he fails to take some concrete decisions.} Bb7 $6 ({Black could achieve an
immediate draw after:} 56... f4 $1 57. exf4 (57. fxe4 fxe3 58. Bxe3 Ke5 $11)
57... exf3 58. gxf3 Kc6 59. Kd2 Kb7 $11 {[%cal Ga6b5,Gb5d7] as White cannot
create a second passer.}) 57. Kf2 Ke6 ({After} 57... exf3 58. gxf3 f4 59. e4
Ba6 60. Ke1 Kc6 61. Kd2 {White still has some chances.}) ({But again,} 57... f4
$1 58. fxe4 Bxe4 59. exf4 Kd7 60. g3 Ke6 61. Ke3 Ba8 62. Be5 Bb7 63. Kd4 Bg2
$11 {was a solution.}) 58. Kg3 Ba8 59. Kf4 Bb7 60. Kg5 Kf7 61. Kf4 Ke6 62. Bc3
Bc6 (62... exf3 {was still possible, but after} 63. gxf3 Bc6 64. Bd4 {Black
should find the correct:} Kd7 $1 (64... Bb7 $2 65. Kg5 Kf7 66. e4 fxe4 67. f4
$1 Bc6 68. Be3 Bb7 69. f5 gxf5 70. Kxh5 Kf6 71. Kh6 $18) 65. e4 (65. Kg5 Bxf3
66. Kxg6 Bg4 $11) 65... fxe4 66. fxe4 Ke6 $11 {and Black can stop both the
pawns.}) 63. Be1 Kf6 64. Bc3+ Ke6 65. Kg5 Kf7 $2 {Having few minutes left on
his clock, my opponent misses the last chance of changing the pawn structure.}
(65... exf3 $1 66. gxf3 Kf7 67. e4 fxe4 68. f4 e3 69. f5 gxf5 70. Kxh5 f4 $11)
66. f4 $1 {It's hard to believe, but White is probably winning now, as he has
a clear plan for creating the second passer.} Bb7 67. Be1 Bc8 68. Bf2 Kg7 69.
Bg3 Kf7 70. Be1 Kg7 71. g3 Kf7 72. Bc3 Bb7 73. g4 hxg4 (73... fxg4 {is even
worse:} 74. Be1 Kg7 75. f5 gxf5 76. Kxf5 $18) 74. h5 gxh5 75. Kxf5 {Finally I
got the second passer, and the black pawns may be easily stopped.} g3 (75...
Bc8+ 76. Kxe4 Bb7+ 77. Ke5 g3 78. Be1 g2 79. Bf2 h4 80. f5 $18 {is completely
hopeless.}) 76. Be1 g2 77. Bf2 Ke7 78. Kg6 Bd5 79. Kxh5 (79. f5 Kf8 80. Kxh5
Kf7 81. Kg5 Bc6 82. f6 $18 {was good enough.}) 79... Kf6 80. Kg4 Ke6 81. Kg5 $1
{The last accurate move..} (81. Kg3 $2 Kd6 82. Kxg2 Kc6 83. Kg3 Be6 $11) 81...
Kf7 82. Kf5 Bb7 83. Bg1 Ba8 84. Ke5 Ke7 85. f5 {The rest is simple White wins
a piece, while Black cannot create any threats.} Kf7 86. Kd6 Kf6 87. Kc7 Kxf5
88. b7 Bxb7 89. Kxb7 Kg4 90. Kc6 1-0

[Event "Gibraltar Masters 9th"]
[Site "Caleta"]
[Date "2011.01.31"]
[Round "7"]
[White "Roiz, Michael"]
[Black "Kosintseva, Nadezhda"]
[Result "1-0"]
[WhiteElo "2649"]
[BlackElo "2552"]
[Annotator "Roiz,M"]
[PlyCount "85"]
[EventDate "2011.01.25"]
[EventType "swiss"]
[EventRounds "10"]
[EventCountry "GGB"]
[SourceTitle "CBM 141"]
[Source "ChessBase"]
[SourceDate "2011.03.17"]
[SourceVersion "1"]
[SourceVersionDate "2011.03.17"]
[SourceQuality "1"]

1. Nf3 d5 2. d4 Nf6 3. c4 e6 4. Nc3 Bb4 5. cxd5 exd5 6. Bg5 Nbd7 7. Nd2 {
Nadezhda has a lot of experience in the main lines of the Ragozin, so I just
tried to get a somewhat unusual type of position.} Bxc3 $6 {I had expected
that, since my opponent had a successful game earlier. Still, that looks like
a serious concession - Black exchanges his important bishop too early, but
otherwise it was impossible to push ...c7-c5.} ({I prefer} 7... Be7 8. e3 O-O)
({or} 7... c6 {which led to a ''Carlsbad'' type of position, but that is not
to everyone's taste.}) 8. bxc3 c5 9. Qc2 ({A previous game of Nadejda saw} 9.
Qa4 {but the queen is misplaced there, so Black managed to get a comfortable
position.}) 9... Qa5 (9... Qc7 10. Rc1 O-O 11. e3 $14) 10. e3 O-O $146 (10...
cxd4 11. cxd4 Ne4 (11... O-O 12. Rb1 $1 {just transposes to our game.} (12. Bd3
b6 13. O-O Ba6 14. Bxa6 Qxa6 $11 {1/2-1/2 Voiska,M (2345)-Khurtsidze,N (2325)/
Jakarta 1993/EXT 1997 (26)})) 12. Bf4 $14) 11. Rb1 $1 {That important move was
a part of my home preparation. White is not really threatening to win a pawn
by means of 12.Bxf6 and 13.Rb5, but Black always has to deal with such a
resource.} ({After} 11. Be2 cxd4 12. cxd4 b6 13. O-O Ba6 $11) ({or} 11. Bd3
cxd4 12. cxd4 b6 13. O-O Ba6 $11 {Black could solve all her problems.}) 11...
cxd4 ({After} 11... a6 12. Bd3 (12. Bxf6 Nxf6 13. Nb3 Qa4 14. dxc5 $14) 12...
c4 13. Be2 b5 14. Bf3 $14) ({or} 11... Re8 12. Bd3 (12. Bxf6 $6 Nxf6 13. Rb5
Qd8 14. Rxc5 Bd7 {[%csl Rc5][%cal Gb7b6] and the Rc5 is in danger.}) 12... c4
13. Be2 $14 {Black's position looks very passive.}) 12. cxd4 b6 ({I was
intending to meet} 12... Ne4 13. Rb5 (13. Be7 Re8 14. Bb4 Qd8 $14) 13... Qc3 {
with} 14. Qxc3 Nxc3 15. Ra5 $1 $14) 13. Rb5 {That's the point! White is just
in time to stop Ba6.} Qa3 14. Rb3 Qd6 (14... Qa5 $2 15. Qb2 Ne4 16. Bb5 $1 {
and Black is paralysed.}) 15. Bd3 (15. Bf4 $5 Qe6 16. Bd3 Bb7 17. Bf5 (17. Rc3
Rac8 18. O-O Rxc3 19. Qxc3 Ne4 20. Nxe4 (20. Qc7 Nxd2 21. Rd1 Nc4 22. Qxb7 Nb2
23. Rd2 Nxd3 24. Rxd3 Nf6 $14) 20... dxe4 21. Bc4 Bd5) 17... Rac8 18. Qb1 Qc6
19. O-O Ba6 $14) 15... Bb7 16. O-O Rac8 17. Qb1 {White is clearly better: he
has the bishop pair and a better pawn structure.} (17. Qb2 $5) 17... Rfe8 18.
Bf4 {I wasn't sure if I should touch the bishop, because the Bf4 is a bit
unstable.} (18. Rc1 $5) 18... Qe7 19. Rc1 (19. h3 $5 Ne4 20. Qb2 $14) 19... Ne4
{Black is trying to activate her pieces somehow.} (19... Rxc1+ 20. Qxc1 Nh5 $1
{We both completely missed that idea even in our analyses. Still, White keeps
his edge after} 21. Bc7 $1 Nc5 22. dxc5 Qxc7 23. Bb5 Rc8 24. c6 {due to a
strong passed pawn.}) 20. Nf1 {I believe, Black's defensive task is more
difficult if both her knights are on the board.} (20. Bxe4 Rxc1+ 21. Qxc1 dxe4
22. Rc3 $14) 20... Rxc1 (20... g5 21. Bg3 h5 22. h3 $14) (20... h6 21. f3 Nd6
22. Rbc3 $14) 21. Qxc1 Rc8 {Black has occupied the open file, but that is
temporary.} 22. Qb2 (22. Qa3 $5 Qxa3 23. Rxa3 a6 24. f3 $14) 22... Nf8 (22...
g5 $5 23. Bg3 $14) 23. f3 Nf6 $6 {Nadejda made this move immediately,but
actually there was a last chance to complicate matters.} ({Much better was:} 
23... g5 $142 $1 24. Be5 (24. fxe4 dxe4 25. Bxg5 Qxg5 26. Bc2 Bd5 27. Rb5 a6
28. Rxb6 Bc4 $132) 24... f6 25. fxe4 dxe4 (25... fxe5 26. exd5 Bxd5 27. Rb5 $36
{[%cal Gf1g3]}) 26. Bxf6 Qxf6 27. Bb1 $14) 24. Ra3 {Provoking one more
weakening move.} a5 (24... a6 25. Bg5 $5 $16) 25. Rb3 N6d7 26. Bg3 h5 $6 {
That impatient move makes Black's position even worse.} (26... Ne6 27. Bb5 Ndf8
$16) 27. Be1 $1 {Suddenly the bishop may disturb the queenside pawns as well.}
Ra8 ({I would prefer} 27... Ba8 28. Rc3 Rxc3 29. Qxc3 Ne6) 28. Rc3 Ne6 29. Bb5
Ndf8 30. Bf2 {At this moment Nadezhda had just a few minutes left on her clock,
so it's not surprising that she failed to find the correct moves all the time.}
Rc8 $2 {The decisive mistake.} ({Black could provide much more resistance
after some waiting move like} 30... h4) ({or} 30... Qd8) 31. Rxc8 Bxc8 32. Ng3
$6 {That was a part of my plan,but I had a more attractive possibility!} ({
I could win a pawn:} 32. Bc6 $1 Qd6 33. Qb5 Nc7 (33... Bd7 34. Bxd7 Nxd7 35.
Bg3 Qe7 36. Qxd5 Nf6 37. Qb5 Qa3 38. d5 $18) 34. Qxb6 Bd7 35. Bg3 Qxc6 36. Qxc6
Bxc6 37. Bxc7 a4 38. Ng3 g6 39. Ne2 $18) 32... g6 33. Ne2 Qa7 $2 {The queen is
too far away now!} (33... Nc7 $142 34. Bd3 Qe6 $16 {I believe White's position
is strategically winning, but at least Black is not going to lose by force.})
34. Nc3 Nc7 35. Bg3 Nfe6 36. Be5 {Black has too many weaknesses. The main one
is the Kg8.} Ba6 37. Bc6 (37. Bd7 Bc4 38. Qa3 Qa8 39. Qe7 Qf8 40. Qf6 Kh7 41.
e4 dxe4 42. fxe4 $18) 37... Bc4 (37... Bb7 38. Bd7 Qa6 39. Qd2 Qc4 40. Na4 Ba6
41. h3 $18) 38. Qa3 (38. e4 $18 {was even easier.}) 38... b5 39. Qe7 {Now
White is winning a piece at least.} b4 (39... Qb6 40. Bd7 (40. Qf6 Kf8 41. Bd7)
(40. Qd7) 40... b4 41. Na4 $18) 40. Nxd5 ({According to my engine,} 40. Qf6 {
was stronger:} Kf8 41. Qh8+ Ke7 42. Qc8 bxc3 43. Bd6+ Kf6 44. Qh8+ Ng7 45. Qd8+
Kf5 46. e4+ dxe4 47. Bxe4+ Ke6 48. Qe7# {but I had no reason to calculate such
long lines.}) 40... Bxd5 41. Bxd5 Qb6 42. Qf6 Kf8 43. Bxc7 1-0